My friend, the Bible. (Record no. 3362)

000 -LEADER
fixed length control field 00603nam a2200205 a 4500
001 - CONTROL NUMBER
control field :::00001092$&:&@@
003 - CONTROL NUMBER IDENTIFIER
control field OkBaRHE
005 - DATE AND TIME OF LATEST TRANSACTION
control field 20000607103241.0
008 - FIXED-LENGTH DATA ELEMENTS--GENERAL INFORMATION
fixed length control field s1978 j 000 0 eng u
040 ## - CATALOGING SOURCE
Transcribing agency
100 1# - MAIN ENTRY--PERSONAL NAME
Personal name Sherrill, John L.
245 10 - TITLE STATEMENT
Title My friend, the Bible.
260 ## - PUBLICATION, DISTRIBUTION, ETC. (IMPRINT)
Place of publication, distribution, etc Lincoln, VA., :
Name of publisher, distributor, etc Chosen Books
Date of publication, distribution, etc c1978
300 ## - PHYSICAL DESCRIPTION
Extent 169 p. ;
Dimensions 23 cm.
650 ## - SUBJECT ADDED ENTRY--TOPICAL TERM
Topical term or geographic name as entry element Bible
General subdivision Use
650 ## - SUBJECT ADDED ENTRY--TOPICAL TERM
Topical term or geographic name as entry element Christian Biography
General subdivision United States
650 ## - SUBJECT ADDED ENTRY--TOPICAL TERM
Topical term or geographic name as entry element Sherrill, John L.
942 ## - ADDED ENTRY ELEMENTS (KOHA)
Source of classification or shelving scheme
Koha item type Books
Copies
Lost status Source of classification or shelving scheme Full call number Shelving location Damaged status Date acquired Permanent Location Koha item type Not for loan Barcode Copy number Date last seen Withdrawn status Price effective from
  BS 538.3 .S48General Stacks 2010-04-14RHEMA Bible Training CollegeBooks 109212010-04-14 2010-04-14